| 000 | 00468nam a2200193Ia 4500 | ||
|---|---|---|---|
| 008 | 210210b1966 xxu||||| |||| 00| 0 eng d | ||
| 041 | _aeng | ||
| 082 | _a333/75 | ||
| 100 | _aSHENOY (B R) | ||
| 245 | _aIndian planning and economic development | ||
| 260 |
_aBombay _bAsia Publishing House _c1966 |
||
| 650 | _aplanning | ||
| 650 | _aIndian | ||
| 650 | _aeconomic | ||
| 650 | _adevelopment | ||
| 650 | _aand | ||
| 690 | _aEconomic Planning | ||
| 906 | _a004247 | ||
| 999 |
_c123697 _d123697 |
||